Un recorrido por la selva : (Record no. 355770)
[ view plain ]
| 000 -LEADER | |
|---|---|
| fixed length control field | 00498nam a2200193Ia 4500 |
| 008 - FIXED-LENGTH DATA ELEMENTS--GENERAL INFORMATION | |
| fixed length control field | 180207s9999 xx 000 0 und d |
| 020 ## - INTERNATIONAL STANDARD BOOK NUMBER | |
| International Standard Book Number | 9781846865510 |
| 050 ## - LIBRARY OF CONGRESS CALL NUMBER | |
| Item number | K921 2010 |
| 100 ## - MAIN ENTRY--PERSONAL NAME | |
| Personal name | Krebs, Laurie |
| 245 ## - TITLE STATEMENT | |
| Title | Un recorrido por la selva : |
| 245 ## - TITLE STATEMENT | |
| Remainder of title | una aventura amazonica / |
| 245 ## - TITLE STATEMENT | |
| Statement of responsibility, etc | by Laurie Krebs y Anne Wilson. |
| 260 ## - PUBLICATION, DISTRIBUTION, ETC. (IMPRINT) | |
| Place of publication, distribution, etc | Cambridge, MA : |
| 260 ## - PUBLICATION, DISTRIBUTION, ETC. (IMPRINT) | |
| Name of publisher, distributor, etc | Barefoot Books, |
| 260 ## - PUBLICATION, DISTRIBUTION, ETC. (IMPRINT) | |
| Date of publication, distribution, etc | 2010 |
| 300 ## - PHYSICAL DESCRIPTION | |
| Extent | unpaged : |
| 300 ## - PHYSICAL DESCRIPTION | |
| Other physical details | color illustration ; |
| 300 ## - PHYSICAL DESCRIPTION | |
| Dimensions | 24cm. |
| Withdrawn status | Lost status | Damaged status | Home library | Current library | Date acquired | Total Checkouts | Full call number | Barcode | Date last seen | Price effective from | Koha item type |
|---|---|---|---|---|---|---|---|---|---|---|---|
| Stonyhurst Southville International School (Malarayat) | Stonyhurst Southville International School (Malarayat) | 02/07/2018 | ER K921 2010 | SSISM5315 | 02/07/2018 | 02/07/2018 | Books |